[Event "Mondariz Balneario op"]
[Site "Mondariz Balneario"]
[Date "2022.12.29"]
[Round "7"]
[White "Teijeiro Barros, Alberto"]
[Black "Saez Gabikagogeaskoa, Oscar"]
[Result "1-0"]
[WhiteElo "2047"]
[BlackElo "1941"]
[PlyCount "30"]
[EventDate "2022.12.26"]
[EventType "swiss"]
[EventRounds "8"]
[EventCountry "ESP"]
[SourceTitle "CBM 212 Extra"]
[Source "ChessBase"]
[SourceDate "2023.03.31"]
[SourceVersion "1"]
[SourceVersionDate "2023.03.31"]
[SourceQuality "1"]

1. Nf3 Nf6 2. c4 c5 3. Nc3 d5 4. cxd5 Nxd5 5. d4 cxd4 6. Qxd4 Be6 7. e4 Nc6 8. Bb5 Nxc3 9. Bxc6+ bxc6 10. Qxc3 Qb6 11. 0-0 f6 12. Be3 Qb7 13. Rac1 Bd7 14. Rfd1 Rb8 15. Rc2 Bg4 1-0

[Event "Mondariz Balneario op"]
[Site "Mondariz Balneario"]
[Date "2022.12.27"]
[Round "3"]
[White "Teijeiro Barros, Alberto"]
[Black "Otero Nogueira, Brais"]
[Result "1/2-1/2"]
[WhiteElo "2047"]
[BlackElo "2080"]
[PlyCount "63"]
[EventDate "2022.12.26"]
[EventType "swiss"]
[EventRounds "8"]
[EventCountry "ESP"]
[SourceTitle "CBM 212 Extra"]
[Source "ChessBase"]
[SourceDate "2023.03.31"]
[SourceVersion "1"]
[SourceVersionDate "2023.03.31"]
[SourceQuality "1"]

1. Nf3 c5 2. c4 Nc6 3. Nc3 g6 4. g3 Bg7 5. Bg2 e5 6. 0-0 Nge7 7. a3 a5 8. d3 0-0 9. Rb1 Rb8 10. Bd2 d6 11. Qc1 Bg4 12. b3 Qd7 13. Re1 b6 14. Bh6 f6 15. Bxg7 Kxg7 16. e3 Rbe8 17. Nd2 Bh3 18. Bh1 h5 19. Nd5 Nxd5 20. cxd5 Ne7 21. b4 cxb4 22. axb4 Rc8 23. Qb2 a4 24. Nc4 Qd8 25. b5 Ra8 26. Qb4 Nc8 27. Ra1 Rf7 28. Rxa4 Rxa4 29. Qxa4 Ra7 30. Qb4 Qc7 31. Rb1 Bd7 32. Bf3 1/2-1/2

[Event "Pontevedra op-A 10th"]
[Site "Pontevedra"]
[Date "2022.07.29"]
[Round "8"]
[White "Teijeiro Barros, Alberto"]
[Black "Villar Perez, Samuel"]
[Result "0-1"]
[WhiteElo "2066"]
[BlackElo "2188"]
[PlyCount "80"]
[EventDate "2022.07.24"]
[EventType "swiss"]
[EventRounds "9"]
[EventCountry "ESP"]
[SourceTitle "EXT 2023"]
[Source "ChessBase"]
[SourceDate "2022.10.05"]
[SourceVersion "1"]
[SourceVersionDate "2022.10.05"]
[SourceQuality "1"]

1. Nf3 d5 2. d4 e6 3. c4 a6 4. cxd5 exd5 5. Nc3 Nf6 6. Bg5 Be6 7. e3 Nbd7 8. Bd3 Bd6 9. 0-0 c6 10. Qc2 Qc7 11. Bh4 0-0 12. Bg3 Bxg3 13. hxg3 Rfe8 14. b4 Qd6 15. a4 Bg4 16. b5 cxb5 17. axb5 a5 18. Na4 Rec8 19. Qb3 Ne4 20. Bxe4 dxe4 21. Nd2 Bf5 22. Rfc1 b6 23. Rc3 Qb4 24. Qd5 Be6 25. Qb7 Rcb8 26. Qxe4 Qxb5 27. Qc2 Qe2 28. Qc1 b5 29. Nc5 Nxc5 30. Rxc5 a4 31. d5 Bg4 32. Ne4 b4 33. f3 Bf5 34. Nd6 b3 35. Nxf5 b2 36. Qc3 bxa1Q+ 37. Qxa1 Rb2 38. Nh4 Qxe3+ 39. Kh1 Qxc5 40. Qxb2 Qxd5 0-1

[Event "Pontevedra op-A 10th"]
[Site "Pontevedra"]
[Date "2022.07.28"]
[Round "7"]
[White "Cabanas Rodriguez, Roi"]
[Black "Teijeiro Barros, Alberto"]
[Result "0-1"]
[WhiteElo "1945"]
[BlackElo "2066"]
[PlyCount "126"]
[EventDate "2022.07.24"]
[EventType "swiss"]
[EventRounds "9"]
[EventCountry "ESP"]
[SourceTitle "EXT 2023"]
[Source "ChessBase"]
[SourceDate "2022.10.05"]
[SourceVersion "1"]
[SourceVersionDate "2022.10.05"]
[SourceQuality "1"]

1. c4 c5 2. g3 Nf6 3. Bg2 g6 4. Nc3 Bg7 5. a3 Nc6 6. Rb1 a5 7. Nf3 d5 8. cxd5 Nxd5 9. Nxd5 Qxd5 10. d3 0-0 11. 0-0 Rb8 12. Bf4 Ra8 13. Ne5 Qe6 14. Nxc6 bxc6 15. Qd2 Ba6 16. Rbc1 c4 17. dxc4 Bxc4 18. Qc2 Bd5 19. e4 Bb3 20. Qxc6 Bxb2 21. Qxe6 Bxe6 22. Rc7 Bxa3 23. Ra1 Bb4 24. h4 h5 25. Rb7 Rfd8 26. Bc7 Rd7 27. Rxb4 Rxc7 28. Rba4 Rc5 29. R4a3 Ra7 30. Bf1 Kg7 31. f4 f6 32. Kf2 Bd7 33. Ke3 a4 34. Be2 Rac7 35. Bd1 Rc3+ 36. Kd2 R3c4 37. e5 fxe5 38. fxe5 Rd4+ 39. Rd3 Rxd3+ 40. Kxd3 Bb5+ 41. Kd4 e6 42. Ke3 Be8 43. Ra3 Rc5 44. Kf4 Bc6 45. Bf3 Bb5 46. Bd1 Rc1 47. Bf3 Rb1 48. Rc3 Rb3 49. Rc7+ Kh6 50. Ra7 a3 51. Be4 Bc4 52. g4 hxg4 53. Rc7 a2 54. Ra7 Rb1 55. h5 Rf1+ 56. Kxg4 a1Q 57. Rxa1 Rxa1 58. Bxg6 Be2+ 59. Kf4 Bxh5 60. Bc2 Bg6 61. Bb3 Bf5 62. Kg3 Ra3 63. Kh4 Kg6 0-1

[Event "Pontevedra op 7th"]
[Site "Pontevedra"]
[Date "2019.08.09"]
[Round "2"]
[White "Suarez Gomez, Julio"]
[Black "Teijeiro Barros, Alberto"]
[Result "1-0"]
[WhiteElo "2433"]
[BlackElo "2148"]
[PlyCount "130"]
[EventDate "2019.08.08"]
[EventType "swiss"]
[EventRounds "9"]
[EventCountry "ESP"]
[SourceTitle "CBM 191 Extra"]
[Source "ChessBase"]
[SourceDate "2019.09.30"]
[SourceVersion "1"]
[SourceVersionDate "2019.09.30"]
[SourceQuality "1"]

1. e4 c6 2. d4 d5 3. exd5 cxd5 4. Bd3 Nc6 5. c3 Qc7 6. Ne2 Bg4 7. 0-0 e6 8. Qe1 Bxe2 9. Qxe2 Bd6 10. h3 Nf6 11. Nd2 0-0 12. Nf3 Rfe8 13. Be3 a6 14. Rfe1 e5 15. dxe5 Nxe5 16. Nxe5 Bxe5 17. Qf3 Ne4 18. Rad1 Rad8 19. Bc2 Re6 20. Qg4 Nf6 21. Qh4 Rde8 22. Kf1 h6 23. Bb3 Qc6 24. Qb4 Bd6 25. Qa4 b5 26. Qd4 Re4 27. Bxd5 Nxd5 28. Qxd5 Qxd5 29. Rxd5 Bf4 30. Rd4 Rxd4 31. Bxd4 Rd8 32. g3 Bd6 33. a3 f6 34. Ke2 Kf7 35. Kf3 h5 36. Bb6 Rc8 37. Re4 Rc6 38. Ba5 Be5 39. Ke3 Bb8 40. Bb4 Ba7+ 41. Ke2 Re6 42. f3 f5 43. Rxe6 Kxe6 44. Bf8 g6 45. Bh6 a5 46. Kd3 Kd5 47. b3 Kc6 48. a4 bxa4 49. bxa4 Bf2 50. Bf4 Be1 51. Kc4 Bf2 52. Be5 Be1 53. Bb8 Bf2 54. Bf4 Be1 55. Kd4 Bf2+ 56. Ke5 Kc5 57. Kf6 Kc4 58. Kxg6 Kb3 59. Kxf5 Kxa4 60. g4 hxg4 61. hxg4 Bc5 62. g5 Kb3 63. g6 Bf8 64. c4 Kxc4 65. Be5 Kd5 1-0

[Event "Mondariz op 9th"]
[Site "Mondariz Balneario"]
[Date "2011.08.22"]
[Round "1.6"]
[White "Teijeiro Barros, Alberto"]
[Black "Teles, Paulo Sergio"]
[Result "1-0"]
[WhiteElo "2123"]
[BlackElo "1720"]
[PlyCount "59"]
[EventDate "2011.08.22"]
[EventType "swiss"]
[EventRounds "7"]
[EventCountry "ESP"]
[SourceTitle "EXT 2024"]
[Source "ChessBase"]
[SourceDate "2023.10.10"]
[SourceVersion "1"]
[SourceVersionDate "2023.10.10"]
[SourceQuality "1"]

1. Nf3 d5 2. d4 Nf6 3. c4 e6 4. Nc3 Bb4 5. Bg5 0-0 6. e3 Nbd7 7. cxd5 Bxc3+ 8. bxc3 exd5 9. Bd3 h6 10. Bh4 c6 11. 0-0 Qa5 12. Qc2 Re8 13. Nd2 Qd8 14. e4 dxe4 15. Nxe4 Re6 16. c4 Qa5 17. Nc3 Qh5 18. Bg3 Qg4 19. Bf5 Qxd4 20. Bxe6 fxe6 21. Ne2 Qc5 22. Rad1 e5 23. Nc1 Nb6 24. Rd8+ Kf7 25. Nd3 Qa5 26. Nxe5+ Ke7 27. Rh8 Be6 28. Qg6 Ne8 29. Rd1 Qxa2 30. Rxe8+ 1-0

[Event "Mondariz Balneario op 9th"]
[Site "Mondariz"]
[Date "2009.12.26"]
[Round "1"]
[White "Teijeiro Barros, Alberto"]
[Black "Silva, Luis Neves Da"]
[Result "0-1"]
[WhiteElo "2176"]
[BlackElo "1706"]
[PlyCount "78"]
[EventDate "2009.12.26"]
[EventType "swiss"]
[EventRounds "7"]
[EventCountry "ESP"]
[SourceTitle "CBM 134 Extra"]
[Source "ChessBase"]
[SourceDate "2010.03.03"]
[SourceVersion "1"]
[SourceVersionDate "2010.03.03"]
[SourceQuality "1"]

1. c4 Nf6 2. Nc3 e6 3. Nf3 b6 4. e4 Bb7 5. Qc2 c5 6. Be2 d6 7. d4 cxd4 8. Nxd4 a6 9. 0-0 Be7 10. Be3 0-0 11. Rad1 Qc7 12. f4 Nbd7 13. f5 e5 14. Nb3 b5 15. cxb5 axb5 16. Qb1 b4 17. Nd5 Nxd5 18. exd5 Nf6 19. Bf3 Qd7 20. Rd2 Qa4 21. Nc1 Ra5 22. Rfd1 Rc8 23. h3 Qb5 24. g4 h6 25. Ne2 Qa6 26. Nc1 Qa8 27. g5 hxg5 28. Bxg5 Bxd5 29. Bxd5 Rxd5 30. Rxd5 Nxd5 31. Bxe7 Nxe7 32. Rxd6 Nxf5 33. Qxf5 Rxc1+ 34. Kf2 Qa5 35. Kg3 b3 36. axb3 Qe1+ 37. Kg4 Qg1+ 38. Kh4 Qe1+ 39. Kg4 Qb4+ 0-1

[Event "Malaga op 12th"]
[Site "Malaga"]
[Date "2009.07.16"]
[Round "7"]
[White "Goetzee, Rick W"]
[Black "Teijeiro Barros, Alberto"]
[Result "1/2-1/2"]
[WhiteElo "1949"]
[BlackElo "2198"]
[PlyCount "40"]
[EventDate "2009.07.11"]
[EventType "swiss"]
[EventRounds "9"]
[EventCountry "ESP"]
[SourceTitle "CBM 131 Extra"]
[Source "ChessBase"]
[SourceDate "2009.09.03"]
[SourceVersion "2"]
[SourceVersionDate "2009.09.16"]
[SourceQuality "1"]

1. d4 Nf6 2. c4 e6 3. Nc3 Bb4 4. Qc2 0-0 5. a3 Bxc3+ 6. Qxc3 b6 7. Nf3 Bb7 8. Bg5 h6 9. Bh4 d6 10. e3 Nbd7 11. Be2 c5 12. 0-0 Qc7 13. Rfd1 Ne4 14. Qc2 a6 15. Nd2 Nxd2 16. Qxd2 d5 17. Rac1 dxc4 18. Bxc4 Bc6 19. d5 exd5 20. Bxd5 Ne5 1/2-1/2

[Event "Malaga op 12th"]
[Site "Malaga"]
[Date "2009.07.12"]
[Round "3"]
[White "Rivas Pastor, Manuel"]
[Black "Teijeiro Barros, Alberto"]
[Result "1-0"]
[WhiteElo "2525"]
[BlackElo "2198"]
[PlyCount "55"]
[EventDate "2009.07.11"]
[EventType "swiss"]
[EventRounds "9"]
[EventCountry "ESP"]
[SourceTitle "CBM 131 Extra"]
[Source "ChessBase"]
[SourceDate "2009.09.03"]
[SourceVersion "2"]
[SourceVersionDate "2009.09.16"]
[SourceQuality "1"]

1. c4 c5 2. Nc3 Nf6 3. g3 d5 4. cxd5 Nxd5 5. Bg2 Nc7 6. d3 e5 7. Be3 Be7 8. Rc1 Nd7 9. Nf3 0-0 10. 0-0 Kh8 11. Nd2 f5 12. Na4 Ne6 13. Nb3 f4 14. Naxc5 Ndxc5 15. Bxc5 Ng5 16. h4 Nh3+ 17. Kh2 Bxc5 18. Rxc5 fxg3+ 19. fxg3 Nf2 20. Qc1 Ng4+ 21. Kh1 Rxf1+ 22. Qxf1 Qe7 23. Rc7 Bd7 24. Qf3 Qd6 25. Rxb7 e4 26. Qf4 Qxf4 27. gxf4 Bc6 28. Re7 1-0

[Event "Santxenxo op"]
[Site "Pontevedra"]
[Date "2004.06.21"]
[Round "9.7"]
[White "Teijeiro Barros, Alberto"]
[Black "Martinez Rodriguez, Pablo"]
[Result "0-1"]
[WhiteElo "2176"]
[BlackElo "2312"]
[PlyCount "86"]
[EventDate "2004.06.??"]
[EventType "swiss"]
[EventRounds "10"]
[EventCountry "ESP"]
[SourceTitle "EXT 2005"]
[Source "ChessBase"]
[SourceDate "2004.11.15"]
[SourceVersion "1"]
[SourceVersionDate "2004.11.15"]
[SourceQuality "1"]

1. c4 g6 2. Nf3 Bg7 3. Nc3 c5 4. e3 Nf6 5. d4 0-0 6. d5 d6 7. Be2 e6 8. 0-0 exd5 9. cxd5 Re8 10. Nd2 Na6 11. Nc4 Nc7 12. a4 b6 13. Re1 Ba6 14. Ra3 Rb8 15. b3 Qd7 16. Qd2 h5 17. Bb2 Bc8 18. Bf3 a6 19. Ne2 b5 20. axb5 axb5 21. Na5 Ra8 22. Rea1 g5 23. Ng3 g4 24. Be2 h4 25. Bxf6 Bxf6 26. Nh5 Bxa1 27. Rxa1 Qf5 28. Nf4 b4 29. Bd3 Qf6 30. Ra2 Bf5 31. Nh5 Qg5 32. Nf4 Bxd3 33. Qxd3 Qxf4 34. exf4 Re1+ 35. Qf1 Rxf1+ 36. Kxf1 Nxd5 37. Rd2 Nc3 38. Rxd6 Rxa5 39. Rd8+ Kg7 40. f3 Ra1+ 41. Kf2 Ra2+ 42. Kf1 g3 43. hxg3 hxg3 0-1

[Event "Santxenxo op"]
[Site "Pontevedra"]
[Date "2004.06.20"]
[Round "8"]
[White "Cebrian Ramos, Jose Luis"]
[Black "Teijeiro Barros, Alberto"]
[Result "0-1"]
[WhiteElo "2099"]
[BlackElo "2176"]
[PlyCount "127"]
[EventDate "2004.06.??"]
[EventType "swiss"]
[EventRounds "10"]
[EventCountry "ESP"]
[SourceTitle "EXT 2005"]
[Source "ChessBase"]
[SourceDate "2004.11.15"]
[SourceVersion "1"]
[SourceVersionDate "2004.11.15"]
[SourceQuality "1"]

1. d4 Nf6 2. c4 e6 3. Nc3 Bb4 4. e3 0-0 5. Bd3 d5 6. Nge2 c5 7. a3 cxd4 8. axb4 dxc3 9. Nxc3 Nc6 10. b5 Nb4 11. Ra4 Qe7 12. cxd5 Rd8 13. d6 Nxd3+ 14. Qxd3 Rxd6 15. Rd4 Rxd4 16. Qxd4 e5 17. Qd3 Be6 18. 0-0 Rd8 19. Qc2 Qb4 20. Rd1 Rc8 21. Qd3 h6 22. e4 Qb3 23. Re1 Nh5 24. Qd6 Nf4 25. Bxf4 exf4 26. Nd5 Kh7 27. Nxf4 Qxb2 28. h3 Bc4 29. Qd7 Qc3 30. Re3 Qc1+ 31. Kh2 Ba2 32. Nd5 Bxd5 33. exd5 Qc7+ 34. Qxc7 Rxc7 35. Kg3 Rd7 36. Rd3 Kg6 37. Kf4 Kf6 38. Ke4 Rd6 39. Kd4 Ke7 40. g4 a6 41. Rb3 Rb6 42. Re3+ Kd7 43. bxa6 bxa6 44. Rf3 Rf6 45. Ra3 Rb6 46. Kc5 Rb5+ 47. Kc4 Rb6 48. Re3 Rf6 49. f3 Kd6 50. Rd3 Rf4+ 51. Kc3 Ra4 52. Kd2 Ra5 53. Ke3 Rxd5 54. Ra3 a5 55. f4 Kc6 56. Ke4 Rc5 57. h4 Kb5 58. Rb3+ Kc6 59. g5 h5 60. Rb8 g6 61. Ra8 Kb5 62. Rb8+ Kc4 63. Ke3 a4 64. Kd2 0-1

[Event "Mondariz Cerrado-B"]
[Site "Mondariz"]
[Date "2002.12.21"]
[Round "7"]
[White "Teijeiro Barros, Alberto"]
[Black "Frois, Antonio"]
[Result "0-1"]
[WhiteElo "2232"]
[BlackElo "2341"]
[PlyCount "86"]
[EventDate "2002.12.15"]
[EventType "tourn"]
[EventRounds "9"]
[EventCountry "ESP"]
[EventCategory "3"]
[SourceTitle "CBM 091 Extra"]
[Source "ChessBase"]
[SourceDate "2003.01.09"]
[SourceVersion "1"]
[SourceVersionDate "2003.01.09"]
[SourceQuality "1"]

1. c4 e6 2. d4 d5 3. Nc3 c5 4. e3 Nf6 5. Nf3 Nc6 6. cxd5 exd5 7. Bb5 Bd6 8. 0-0 0-0 9. h3 a6 10. Bxc6 bxc6 11. dxc5 Bxc5 12. Nd4 Qd6 13. Na4 Ba7 14. b4 a5 15. a3 Bb8 16. f4 axb4 17. axb4 Ne4 18. Bb2 Qg6 19. Rf3 Ra6 20. Rc1 Bd7 21. Nc5 Nxc5 22. bxc5 Bc7 23. Ra1 Rfa8 24. Rxa6 Rxa6 25. Qb3 Bc8 26. Kh2 Qb1 27. Rf2 f6 28. Rd2 Qe4 29. Rd1 g5 30. Ne2 gxf4 31. Nxf4 Kf7 32. Rf1 Ra4 33. Qd1 Ra2 34. Qb3 Qc4 35. Qxc4 dxc4 36. Bd4 Bf5 37. Rc1 Be4 38. Rg1 Rd2 39. Kg3 h5 40. h4 Be5 41. Bxe5 fxe5 42. Nxh5 Kg6 43. Kg4 Bf5+ 0-1

[Event "Mondariz Cerrado-B"]
[Site "Mondariz"]
[Date "2002.12.19"]
[Round "5"]
[White "Tallarico Tallarico, Ovidio Mario"]
[Black "Teijeiro Barros, Alberto"]
[Result "0-1"]
[WhiteElo "2216"]
[BlackElo "2232"]
[PlyCount "93"]
[EventDate "2002.12.15"]
[EventType "tourn"]
[EventRounds "9"]
[EventCountry "ESP"]
[EventCategory "3"]
[SourceTitle "CBM 091 Extra"]
[Source "ChessBase"]
[SourceDate "2003.01.09"]
[SourceVersion "1"]
[SourceVersionDate "2003.01.09"]
[SourceQuality "1"]

1. Nf3 c5 2. e4 e6 3. c3 d5 4. exd5 Qxd5 5. d4 Nf6 6. Na3 cxd4 7. Nb5 Qd8 8. Qxd4 Qxd4 9. Nbxd4 a6 10. Bf4 Nbd7 11. Be2 b5 12. 0-0 Bb7 13. Rfe1 Be7 14. Rad1 0-0 15. Ne5 Nxe5 16. Bxe5 Rac8 17. Bf3 Bxf3 18. Nxf3 Nd5 19. Rd2 h6 20. Kf1 Rfd8 21. Red1 f6 22. Bd4 g5 23. Kg1 g4 24. Ne1 Kf7 25. Nc2 h5 26. Ne3 Nxe3 27. Bxe3 Rxd2 28. Bxd2 e5 29. Kf1 Ke6 30. Ke2 a5 31. b3 f5 32. Rh1 h4 33. Rc1 e4 34. c4 b4 35. Bf4 a4 36. bxa4 Ra8 37. Rc2 Rxa4 38. Ke3 Bc5+ 39. Ke2 Ra3 40. Bc1 Rd3 41. Rd2 Rc3 42. Bb2 Rxc4 43. Kd1 f4 44. Re2 f3 45. gxf3 gxf3 46. Rd2 h3 47. Ke1 0-1

[Event "Mondariz Cerrado-B"]
[Site "Mondariz"]
[Date "2002.12.15"]
[Round "1"]
[White "Ivanov, Jordan"]
[Black "Teijeiro Barros, Alberto"]
[Result "1-0"]
[WhiteElo "2429"]
[BlackElo "2232"]
[PlyCount "73"]
[EventDate "2002.12.15"]
[EventType "tourn"]
[EventRounds "9"]
[EventCountry "ESP"]
[EventCategory "3"]
[SourceTitle "CBM 091 Extra"]
[Source "ChessBase"]
[SourceDate "2003.01.09"]
[SourceVersion "1"]
[SourceVersionDate "2003.01.09"]
[SourceQuality "1"]

1. Nf3 Nf6 2. c4 e6 3. Nc3 Bb4 4. Qb3 a5 5. g3 b6 6. Bg2 Bb7 7. 0-0 0-0 8. d4 Re8 9. c5 Bxc3 10. bxc3 a4 11. Qb2 Bd5 12. cxb6 cxb6 13. Bg5 Ra6 14. Rfe1 h6 15. Bxf6 Qxf6 16. e4 Bc6 17. Nd2 a3 18. Qb3 d6 19. Nc4 Qd8 20. Nxa3 Nd7 21. Nb5 Bxb5 22. Qxb5 Ra5 23. Qb4 Qc7 24. a4 Rc8 25. Ra3 Nf6 26. Rb1 Rb8 27. h3 e5 28. Rab3 Kh7 29. Qa3 Qc6 30. Rb5 Rxb5 31. Rxb5 Rc8 32. dxe5 dxe5 33. Rxe5 Qxc3 34. Qxc3 Rxc3 35. Re7 Rc1+ 36. Kh2 Kg6 37. e5 1-0

[Event "Peregrina op 18th"]
[Site "Pontevedra"]
[Date "2002.08.18"]
[Round "6.5"]
[White "Teijeiro Barros, Alberto"]
[Black "Pilgaard, Kim"]
[Result "0-1"]
[WhiteElo "2269"]
[BlackElo "2437"]
[PlyCount "146"]
[EventDate "2002.08.13"]
[EventType "swiss"]
[EventRounds "9"]
[EventCountry "ESP"]
[SourceTitle "EXT 2003"]
[Source "ChessBase"]
[SourceDate "2002.11.25"]
[SourceVersion "1"]
[SourceVersionDate "2002.11.25"]
[SourceQuality "1"]

1. d4 Nf6 2. c4 e6 3. Nf3 b6 4. g3 Ba6 5. b3 Bb7 6. Bg2 Bb4+ 7. Bd2 a5 8. 0-0 0-0 9. Nc3 d5 10. cxd5 exd5 11. a3 Be7 12. Qc2 Nbd7 13. Rfd1 Re8 14. Bf4 Nh5 15. Be3 c6 16. Bh3 Bd6 17. Na4 Nhf6 18. Nh4 g6 19. Qb2 Bc8 20. Bg5 Be7 21. Rac1 Nf8 22. Bxc8 Rxc8 23. b4 axb4 24. axb4 Ne6 25. Bxf6 Bxf6 26. Nf3 c5 27. e3 cxd4 28. Rxc8 Qxc8 29. exd4 Qb7 30. Qb3 Rc8 31. Nb2 Qc6 32. Na4 Qb7 33. Nb2 b5 34. Qe3 Rc2 35. Nd3 Rc3 36. Nfe5 Qc7 37. Qf3 Qd8 38. Qe3 Qd6 39. h4 h5 40. Kg2 Kg7 41. Qd2 Rc7 42. Nc5 Bxe5 43. dxe5 Qe7 44. Nd3 Rc4 45. Qe3 d4 46. Qf3 Qd7 47. Ra1 Rc3 48. Qf6+ Kh7 49. Qf3 Nd8 50. Ra8 Ne6 51. Ra5 Nc7 52. Kh2 Qe6 53. Ra7 Qc4 54. Qe4 Rxd3 55. Rxc7 Qxc7 56. Qxd3 Qxe5 57. Kg2 Qd5+ 58. Qf3 Qc4 59. g4 hxg4 60. Qxg4 Qxb4 61. h5 Qd6 62. Qf3 Kg7 63. hxg6 Qxg6+ 64. Kf1 b4 65. Qf4 Qb6 66. Qe5+ Kf8 67. Qh8+ Ke7 68. Qe5+ Kd8 69. Qh8+ Kc7 70. Qe5+ Kb7 71. Qd5+ Ka6 72. Qa8+ Kb5 73. Qd5+ Ka4 0-1

[Event "Nigran op 13th"]
[Site "Nigran"]
[Date "1999.??.??"]
[Round "8"]
[White "Rivas Vila, David"]
[Black "Teijeiro Barros, Alberto"]
[Result "1/2-1/2"]
[WhiteElo "2055"]
[BlackElo "2250"]
[PlyCount "80"]
[EventDate "1999.??.??"]
[EventType "swiss"]
[EventRounds "9"]
[EventCountry "ESP"]
[SourceTitle "EXT 2000"]
[Source "ChessBase"]
[SourceDate "1999.11.16"]
[SourceVersion "1"]
[SourceVersionDate "1999.11.16"]
[SourceQuality "1"]

1. e4 c6 2. d3 d5 3. Nd2 e5 4. Ngf3 Bd6 5. g3 Nf6 6. Bg2 0-0 7. 0-0 Re8 8. c3 a5 9. Re1 Nbd7 10. Qc2 dxe4 11. dxe4 b5 12. h3 Ba6 13. Bf1 Qb6 14. Nh2 Nh5 15. Kg2 Nhf6 16. b3 Bc5 17. Ndf3 Bb7 18. Bb2 a4 19. Bd3 Bf8 20. Qe2 Nc5 21. Bc2 a3 22. Bc1 b4 23. Bd2 Ncxe4 24. Bxe4 Nxe4 25. Qxe4 c5 26. Qe3 e4 27. Nh4 Rad8 28. Bc1 Rd3 29. Qe2 bxc3 30. Nf5 Red8 31. Ne3 Qf6 32. Nhg4 Qe6 33. Bxa3 h5 34. Nh2 Rd2 35. Qxh5 g6 36. Qg5 Be7 37. Qf4 Bd6 38. Qg5 Be7 39. Qf4 Bd6 40. Qg5 Be7 1/2-1/2

[Event "Nigran op 13th"]
[Site "Nigran"]
[Date "1999.??.??"]
[Round "7"]
[White "Teijeiro Barros, Alberto"]
[Black "Pena Torres, Jose Carlos"]
[Result "1-0"]
[WhiteElo "2250"]
[BlackElo "2115"]
[PlyCount "85"]
[EventDate "1999.??.??"]
[EventType "swiss"]
[EventRounds "9"]
[EventCountry "ESP"]
[SourceTitle "EXT 2000"]
[Source "ChessBase"]
[SourceDate "1999.11.16"]
[SourceVersion "1"]
[SourceVersionDate "1999.11.16"]
[SourceQuality "1"]

1. d4 Nf6 2. c4 e6 3. Nf3 Bb4+ 4. Bd2 a5 5. g3 0-0 6. Bg2 d5 7. Qc2 c5 8. dxc5 Bxc5 9. cxd5 Qb6 10. 0-0 exd5 11. Nc3 Na6 12. Na4 Qb5 13. Rac1 b6 14. Nc3 Qd7 15. Bg5 Nb4 16. Qb1 Bb7 17. Bxf6 gxf6 18. Rfd1 Rad8 19. Nd4 Qg4 20. Nf5 Kh8 21. Bf3 Qg5 22. a3 Na6 23. Bxd5 Bxd5 24. Nxd5 Rfe8 25. e4 Rd7 26. b4 axb4 27. axb4 Rxd5 28. Rxd5 Nxb4 29. Rd7 h5 30. Rcd1 Nc6 31. Kg2 Ne5 32. Rd8 Rxd8 33. Rxd8+ Kh7 34. f4 Qg4 35. Qd1 Nc6 36. Qxg4 hxg4 37. Rd7 Kg6 38. h3 gxh3+ 39. Kxh3 Nb8 40. Rd8 Nc6 41. Rg8+ Kh7 42. Rg7+ Kh8 43. Rxf7 1-0

[Event "Mondariz op"]
[Site "Mondariz"]
[Date "1997.??.??"]
[Round "?"]
[White "Hernandez Onna, Roman"]
[Black "Teijeiro Barros, Alberto"]
[Result "1-0"]
[WhiteElo "2430"]
[BlackElo "2200"]
[PlyCount "179"]
[EventDate "1997.??.??"]
[EventType "swiss"]
[EventRounds "9"]
[EventCountry "ESP"]
[SourceTitle "EXT 1999"]
[Source "ChessBase"]
[SourceDate "1998.11.16"]
[SourceVersion "1"]
[SourceVersionDate "1998.11.16"]
[SourceQuality "1"]

1. d4 Nf6 2. Nf3 e6 3. c4 b6 4. Nc3 Bb7 5. a3 d5 6. cxd5 Nxd5 7. e3 Be7 8. Bb5+ c6 9. Bd3 0-0 10. e4 Nxc3 11. bxc3 c5 12. 0-0 cxd4 13. cxd4 Nd7 14. Qe2 Rc8 15. Bb2 Nf6 16. Ne5 b5 17. f4 Qb6 18. Kh1 Rcd8 19. f5 exf5 20. Rxf5 Rxd4 21. Bxd4 Qxd4 22. Rd1 g6 23. Nf3 Qa4 24. Rxb5 Bxe4 25. Bxe4 Qxe4 26. Qb2 Qa4 27. Re1 Bxa3 28. Ra1 Bxb2 29. Rxa4 Bc1 30. Rxa7 Be3 31. Rab7 h6 32. g3 Kg7 33. Re7 Bc1 34. Rb3 Ng8 35. Rc7 Bg5 36. Rcb7 Bf6 37. Ng1 h5 38. h4 Nh6 39. Nh3 Nf5 40. Kg2 Nh6 41. Rb8 Rxb8 42. Rxb8 Nf5 43. Nf4 Be5 44. Rb4 Bd6 45. Ra4 Be5 46. Kf3 Bd6 47. Ra6 Bb8 48. Rb6 Be5 49. Rb7 Kf6 50. Ra7 Bb8 51. Ra6+ Kg7 52. Ra4 Kf6 53. Ra3 Kg7 54. Ke4 Nd6+ 55. Kf3 Nf5 56. Ne2 Bd6 57. Rd3 Bb8 58. Kg2 Be5 59. Kh3 Bb8 60. g4 hxg4+ 61. Kxg4 Nh6+ 62. Kh3 Be5 63. Ng1 Bf4 64. Nf3 Kf6 65. Rd5 Kg7 66. Ra5 Kf6 67. Rb5 Kg7 68. Ng5 Kf6 69. Ne4+ Kg7 70. Rb7 Be5 71. Nc5 Bd6 72. Ne6+ Kf6 73. Ng5 Bf4 74. Rb5 Kg7 75. Kg2 Nf5 76. Kh3 Nh6 77. Rb1 Be5 78. Nf3 Bf4 79. Rb4 Bd6 80. Rd4 Bc7 81. Rd5 Bf4 82. h5 gxh5 83. Rxh5 Kg6 84. Ra5 Kf6 85. Rb5 Kg6 86. Ne5+ Kf6 87. Ng4+ Nxg4 88. Kxg4 Bd2 89. Rb2 Bc3 90. Rb6+ 1-0

[Event "Nigran op"]
[Site "Nigran"]
[Date "1997.??.??"]
[Round "3"]
[White "Teijeiro Barros, Alberto"]
[Black "Bernal Moro, Luis Javier"]
[Result "1/2-1/2"]
[WhiteElo "2200"]
[BlackElo "2430"]
[PlyCount "114"]
[EventDate "1997.??.??"]
[EventType "swiss"]
[EventRounds "9"]
[EventCountry "ESP"]
[SourceTitle "EXT 1999"]
[Source "ChessBase"]
[SourceDate "1998.11.16"]
[SourceVersion "1"]
[SourceVersionDate "1998.11.16"]
[SourceQuality "1"]

1. Nf3 Nf6 2. c4 g6 3. Nc3 Bg7 4. g3 0-0 5. Bg2 d6 6. 0-0 e5 7. d3 c6 8. Rb1 a5 9. a3 Re8 10. Bg5 h6 11. Bxf6 Bxf6 12. Nd2 Bg7 13. Qc2 Nd7 14. b4 axb4 15. axb4 Nf6 16. b5 d5 17. bxc6 bxc6 18. Na4 Bg4 19. Rfe1 Qa5 20. Nb6 Ra6 21. c5 Nd7 22. Nxd7 Bxd7 23. Rb7 Bc8 24. Rb8 Bf8 25. Rc1 Qc7 26. Qb3 Rd8 27. Rb6 Ra7 28. e3 Bf5 29. Bf1 Rda8 30. Qc3 Ra3 31. Rb3 Qa5 32. Rxa3 Qxa3 33. Nb3 Rb8 34. Na5 Qxc3 35. Rxc3 Bd7 36. Nb3 Be6 37. d4 Bg7 38. dxe5 Bxe5 39. Nd4 Bxd4 40. exd4 Rb4 41. Rd3 Rb1 42. Kg2 Bf5 43. Rd2 Be4+ 44. f3 Bxf3+ 45. Kxf3 Rxf1+ 46. Ke3 g5 47. Rb2 h5 48. Rb8+ Kg7 49. Rc8 Rf6 50. h3 Re6+ 51. Kf3 Re4 52. Rxc6 Rxd4 53. Rd6 Rd3+ 54. Kf2 h4 55. gxh4 gxh4 56. c6 Rxh3 57. Rxd5 Rc3 1/2-1/2